Responses for Show #4951 - Monday, March 6, 2006

Contestants

[<< previous game]

Matt Bregman, a fundraiser from Brooklyn, New York

Bruce Brown, a substitute teacher originally from Cincinnati, Ohio

Deborah Melman-Clement, a writer and entrepreneur from Kingston, Ontario, Canada (whose 1-day cash winnings total $3,199)

[next game >>]

Jeopardy! Round responses

WORLD RELIGION
ED ASNER
TRANSPORTATION
MEDALS & DECORATIONS
RHYMES WITH RAIN
LAST BUT NOT LEAST
    $200 6
nirvana

Bruce
    $200 29
The Mary Tyler Moore Show

Matt
    $200 11
a helicopter

Deborah
    $200 23
Starbucks

Bruce
    $200 1
pane

Deborah
    $200 24
Simón Bolivar

Bruce
    $400 7
five

Bruce
    $400 30
Santa Claus

Deborah
    $400 12
a balloon

Bruce
    $400 22
(Alex: And the German leader at that time was [*].)

Kaiser Wilhelm II

Triple Stumper
    $400 2
Main

Bruce
    $400 25
Michelangelo

Deborah
    $600 8
the Jesuits

Matt
    $600 16
Huey Long

Bruce
    $600 13
a coupler

Bruce
    $600 21
the Purple Heart

Deborah
    $600 3
sane

Matt
    $600 26
Apollo 17

Bruce
    $800 9
(Bruce: Who is Wesley?)
(Alex: Which one?
...We need his name. Deborah or Matt?)
(Bruce: William.)
(Alex: No. Matt.)
(Matt: Who is John Wesley? Oh!)
(Alex: No. John was the brother. [*] is the man we are going for.)

Charles Wesley

BruceMatt
Triple Stumper
    $800 17
Rich Man, Poor Man

Deborah
    $800 14
(Bruce: What's the Jeep?)

the Land Rover

DeborahBruce
    $3,989 19
(Alex: Th--$3,989. All right, you'll have 11 bucks if you're wrong and a lot of money if you're right.)

Dewey

Bruce
    $800 4
cane

Matt
    $800 27
Hong Kong

Bruce
    $1000 10
Greek Orthodox (Eastern Orthodox Catholic accepted)

Bruce
    $1000 18
Roots

Bruce
    $1000 15
Trailways

Bruce
    $1000 20
(Alex: And the his or him in this case is [*].)

Admiral Byrd

Triple Stumper
    $1000 5
grain

Deborah
    $1000 28
the Ottoman Empire

Deborah

Scores at the first commercial break (after clue 15):

Deborah Bruce Matt
$2,200 $2,400 $1,200

Scores at the end of the Jeopardy! Round:

Deborah Bruce Matt
$5,400 $9,789 $1,400

Double Jeopardy! Round responses

ANCIENT GREEK DRAMA
SCREEN QUEENS
small countries
YOU SAID IT!
INTELLIGENT DESIGN
"EVO"LUTION
    $400 1
Helen of Troy

Deborah
    $400 3
Isabella

Deborah
    $400 2
Singapore

Bruce
    $400 11
"Because it's there"

Deborah
    $400 20
revolving doors

Deborah
    $800 27
[The end-of-round signal sounds.]

the chorus

Deborah
    $800 5
The Princess Diaries

Triple Stumper
    $800 4
San Marino

Bruce
    $800 12
Marx

Bruce
    $800 19
au revoir

Deborah
    $1200 26
the Delphic Oracle

Matt
    $1200 21
Judi Dench

Matt
    $1200 8
Tonga

Triple Stumper
    $1200 13
a country churchyard

Bruce
    $1200 18
Sarajevo

Deborah
    $1600 25
deus ex machina

Deborah
    $5,000 22
Queen Elizabeth (I) & Queen Mary (Stuart)

Matt
    $8,917 6
(Alex: The... Daily Double is in that box. I thought you might go for the $1200; you caught me by surprise. You skipped one.)
(Bruce: $8917.)
[Laughter]
(Alex: There is significance to these wagers, I assume. Okay. Here is the clue. For $8,000 and whatever.)

Liechtenstein

Bruce
    $1600 10
(Bruce: Who is Henry VIII?)
(Deborah: Who is Charles I?)

(Oliver) Cromwell

DeborahBruceMatt
    $1600 14
San Francisco

Bruce
    $1600 17
malevolent

Matt
    $2000 24
Charon

Deborah
    $2000 23
The Affair of the Necklace

Triple Stumper
    $2000 7
the Seychelles

Triple Stumper
    $2000 9
war

Matt
    $2000 15
BabyBjörn

Triple Stumper
    $2000 16
devoid

Bruce

Scores at the end of the Double Jeopardy! Round:

Deborah Bruce Matt
$11,800 $23,906 $14,000

[wagering suggestions for these scores]

Final Jeopardy! Round responses

AMERICAN HISTORY
DeborahWhat is the Senate?
$0
MattWhat is the Constitutional Conventions
$10,000
BruceWhat is the U.S. Senate
$5,000
the U.S. Senate

Final scores:

Deborah Bruce Matt
$11,800 $28,906 $4,000
2nd place: $2,000 New champion: $28,906 3rd place: $1,000

Game dynamics:

Coryat scores:

Deborah Bruce Matt
$11,800 $13,400 $10,600
18 R,
1 W
21 R
(including 2 DDs),
3 W
10 R
(including 1 DD),
1 W

Combined Coryat: $35,800

[game clues] [game scores] [suggest correction]

Game tape date: Unknown
The J! Archive is created by fans, for fans. Scraping, republication, monetization, and malicious use prohibited; this site may use cookies and collect identifying information. See terms. The Jeopardy! game show and all elements thereof, including but not limited to copyright and trademark thereto, are the property of Jeopardy Productions, Inc. and are protected under law. This website is not affiliated with, sponsored by, or operated by Jeopardy Productions, Inc. Join the discussion at JBoard.tv.